Größte Seen Nordamerikas - Statistiken

Allgemein
  • Dieses Quiz wurde 24 mal gespielt
  • Das Durchschnittsergebnis liegt bei 6 aus 18
Antwortstatistiken
Fläche Antwort % Korrekt
57.753 Lake Michigan
90%
30.764 Großer Bärensee
81%
25.744 Lake Erie
81%
82.103 Oberer See
76%
18.960 Lake Ontario
67%
59.590 Lake Huron
62%
27.048 Großer Sklavensee
48%
23.760 Lake Winnipeg
43%
4.404 Great Salt Lake
29%
8.264 Lago Cocibolca
24%
7.846 Lake Athabasca
14%
4.607 Lake Manitoba
5%
4.510 Lake Nipigon
5%
4.349 Lake of the Woods
5%
5.658 Lake Reindeer
5%
5.063 Lake Nettilling
0%
5.164 Lake Winnipegosis
0%
6.460 Smallwood Reservoir
0%
Keine übereinstimmenden Quizze gefunden
Verteilung der Resultate
Anzahl Personen mit jedem Resultat
Perzentil nach korrekt beantworteten Fragen
Ihre Resultats-Entwicklung
Sie haben dieses Quiz noch nicht gespielt